Statistics for Saarland State Quiz

Click here to take the quiz!

General Stats

  • This quiz has been taken 155 times
  • The average score is 8 of 10

Answer Stats

HintAnswer% Correct
Neighboring foreign countriesFrance
98%
Capital and largest citySaarbrücken
96%
Luxembourg
95%
What is the Saar?A river
92%
Only neighboring German stateRhineland-Palatinate
89%
Most important mined materialCoal
87%
Saarland has unfortunately become the butt of inbreeding jokes, similarly to this US stateAlabama
78%
Saarland native Nicole won this contest in 1982, singing "Ein bisschen Frieden"Eurovision
74%
Leader of East Germany who was born in NeunkirchenErich Honecker
62%
Created in 1920, the Saarland was under a mandate of which international organization until 1935?League of Nations
58%

Score Distribution

Percentile by Number Answered

Percent of People with Each Score

Your Score History

You have not taken this quiz